000 01788nam a22004217a 4500
005 20260410102921.0
007 ta
008 260410b |||||||| |2023| 0 spa d
020 _a9786124580987
040 _apelieoe
_bspa
_cpelieoe
_erda
043 _ape
050 _aJL 966
_bP 2023
245 0 0 _aPopulismo :
_buna ola autoritaria amenaza hispanomérica /
_cDiego Salazar (Coord.)
250 _aPrimera edición
264 _aLima :
_bAriel ;
_c2023
300 _a262 páginas
336 _atexto
_btxt
337 _asin mediación
_bn
338 _2volumen
_ardacarrier
504 _aIncluye referencias bibliográficas
505 0 _rYanina Welp.
_ttArgentina y la contención populista /
505 0 _rMaría teresa Zegada Claure. --
_tPopulismo y plurinacionalidad en Bolivia /
505 0 _rDaniel Matamala. -
_tLa excepcionalidad chilena /
505 _rCarlos Granés. --
_tPatria, pueblo, Cristo y Bolivar [...] /
505 _rCarlos Manuel Álvarez. --
_tLa realidad entera [...] /
505 _rIsabela Ponce Ycaza --
_tPetróleo, prosperidad y populismo una fórmula ecuatoriana /
505 _rCarlos Dada. --
_tLa dictadura milenial de Nayib Bukele /
505 _tLa década de los tres populismo en España /
_uRamón González Férriz. --
505 _rRicardo Raphael. --
_tRadicalismo popular a la mexicana /
505 _rAlberto Vergara. --
_tEl populismo intrascendente: el extraño caso de Pedro Castillo /
505 _rCatalina Lobo-Guerrero
_tAlberto Vergara. --$tYo soy Chávez [...] /
541 _3Libro
653 _aPopulismo -- Ensayos, conferencias
653 _aPopulismo -- España
653 _aPopulismo -- América Latina
700 1 _aSalazar, Diego
_916760
_ecoord.
942 _2lcc
_cBK
_e2023
_hJL
_k966
_mP
999 _c10363
_d10363